| 000 | 00491nam a22001697a 4500 | ||
|---|---|---|---|
| 999 |
_c524053 _d524053 |
||
| 003 | NUST | ||
| 038 | _awaseem | ||
| 082 |
_a891.421 _bBUK |
||
| 100 |
_aBukash, Hazarat Mian Muhammad _914878 |
||
| 245 |
_aHidayat-ul-Muslimeen / _cHazarat Mian Muhammad Bukash |
||
| 260 |
_aDinna : _bChudary Brother, _c2004. |
||
| 300 | _a128 p. ; | ||
| 500 | _aPaperback. | ||
| 880 |
_6100-02\r _aحضرت میاں محمد بخش |
||
| 880 |
_6245-02\r _aھدایتُ المسلمین / |
||
| 942 |
_2ddc _cBK |
||